Normal view
MARC view
Entry Personal Name
001 - CONTROL NUMBER
- control field: 27572
003 - CONTROL NUMBER IDENTIFIER
- control field: OSt
005 - DATE AND TIME OF LATEST TRANSACTION
- control field: 20220111104633.0
008 - FIXED-LENGTH DATA ELEMENTS
- fixed length control field: 220111|| aca||aabn | a|a d
040 ## - CATALOGING SOURCE
- Original cataloging agency: OSt
- Transcribing agency: OSt
100 ## - HEADING--PERSONAL NAME
- Personal name: LINDA WILSON -PAUWELS
670 ## - SOURCE DATA FOUND
- Source citation: Work cat.: (OSt)26486: LINDA WILSON -PAUWELS, AUTONOMIC NERVES,BASIC SCIENCE , CLINICAL ASPECTS , CASE STUDIES, 1997